[Event "Extremadura-chT"]
[Site "Spain"]
[Date "2009.02.28"]
[Round "6.2"]
[White "Garcia Vidal, Francisco Jose"]
[Black "Carrasco Martinez, Juan Manuel"]
[Result "1/2-1/2"]
[WhiteElo "2023"]
[BlackElo "2425"]
[PlyCount "112"]
[EventDate "2009.01.17"]
[EventType "team-swiss"]
[EventRounds "9"]
[EventCountry "ESP"]
[SourceTitle "EXT 2011"]
[Source "ChessBase"]
[SourceDate "2010.11.26"]
[SourceVersion "1"]
[SourceVersionDate "2010.11.26"]
[SourceQuality "1"]
[WhiteTeam "Puerta Palmas"]
[BlackTeam "Extremadura Magic"]
[WhiteTeamCountry "ESP"]
[BlackTeamCountry "ESP"]

1. Nf3 c5 2. c4 g6 3. g3 Bg7 4. Bg2 Nc6 5. 0-0 e5 6. Nc3 Nge7 7. e4 d6 8. d3 0-0 9. Be3 f5 10. Qc1 f4 11. Bd2 Bh6 12. h3 g5 13. Nh2 Ng6 14. g4 Rf7 15. f3 Nd4 16. Rf2 Bf8 17. Nd5 a5 18. Bc3 Be6 19. Nf1 b6 20. Nd2 Raa7 21. a4 h5 22. Bxd4 exd4 23. Bf1 Rh7 24. Be2 Rh6 25. Rh2 Rah7 26. Nf1 Ne5 27. Qd1 Be7 28. Qb3 Bxd5 29. exd5 hxg4 30. hxg4 Rxh2 31. Nxh2 Qf8 32. Rf1 Qh6 33. Rf2 Bd8 34. Qd1 Ng6 35. Bf1 Re7 36. Be2 Nh4 37. Nf1 Qg6 38. Nh2 Qe8 39. b3 Re3 40. Nf1 Bf6 41. Nd2 Kg7 42. Nf1 Ng6 43. Rh2 Ne5 44. Nxe3 fxe3 45. Qf1 Ng6 46. Qh3 Nh4 47. Qf1 Qe5 48. Rh3 Qf4 49. Kh1 Be5 50. Qg1 Qf6 51. Qf1 Ng6 52. Kg1 Nf4 53. Kh1 Nxh3 54. Qxh3 Bf4 55. Kg2 Qe5 56. Kg1 Bg3 1/2-1/2

[Event "ESP-chT Gp1"]
[Site "Burguillos"]
[Date "2008.08.13"]
[Round "1"]
[White "Cruz Ravina, Francisco Javier"]
[Black "Garcia Vidal, Francisco Jose"]
[Result "1-0"]
[WhiteElo "2337"]
[BlackElo "2026"]
[PlyCount "37"]
[EventDate "2008.08.13"]
[EventType "team"]
[EventRounds "6"]
[EventCountry "ESP"]
[SourceTitle "CBM 126 Extra"]
[Source "ChessBase"]
[SourceDate "2008.11.05"]
[SourceVersion "1"]
[SourceVersionDate "2008.11.05"]
[SourceQuality "1"]

1. e4 c6 2. d4 d5 3. exd5 cxd5 4. c4 Nf6 5. Nc3 e6 6. Nf3 Be7 7. Bd3 0-0 8. 0-0 Nc6 9. a3 dxc4 10. Bxc4 a6 11. d5 exd5 12. Nxd5 Nxd5 13. Bxd5 Bf6 14. Qb3 Qc7 15. Be3 b5 16. Rac1 Bb7 17. Bg5 Qd6 18. Bxc6 Bxg5 19. Bxb7 1-0

[Event "Extremadura-chT"]
[Site "Spain"]
[Date "2008.03.15"]
[Round "9.3"]
[White "Montero Aleu, Juan Antonio"]
[Black "Garcia Vidal, Francisco Jose"]
[Result "1/2-1/2"]
[WhiteElo "1970"]
[BlackElo "2044"]
[PlyCount "85"]
[EventDate "2008.01.19"]
[EventType "team-swiss"]
[EventRounds "9"]
[EventCountry "ESP"]
[SourceTitle "EXT 2011"]
[Source "ChessBase"]
[SourceDate "2010.11.26"]
[SourceVersion "1"]
[SourceVersionDate "2010.11.26"]
[SourceQuality "1"]
[WhiteTeam "La Galeria"]
[BlackTeam "Puerta Palmas"]
[WhiteTeamCountry "ESP"]
[BlackTeamCountry "ESP"]

1. d4 d5 2. c4 c6 3. Nc3 Nf6 4. Nf3 dxc4 5. a4 Bf5 6. e3 e6 7. Bxc4 Bb4 8. 0-0 0-0 9. Bd3 Nbd7 10. Bxf5 exf5 11. Qc2 g6 12. Bd2 Re8 13. Ne2 Bd6 14. Qb3 b6 15. Bb4 c5 16. dxc5 Nxc5 17. Bxc5 Bxc5 18. Rfd1 Qc7 19. h3 Ne4 20. Rd3 Rad8 21. Ned4 Bxd4 22. Nxd4 Nc5 23. Qc4 Qd7 24. Rdd1 f4 25. b4 Ne4 26. exf4 Nxf2 27. Kxf2 Re4 28. g3 Rxd4 29. Rxd4 Qxd4+ 30. Qxd4 Rxd4 31. b5 h5 32. Kf3 Kg7 33. Ra3 Kf6 34. Ke3 Rb4 35. Kf3 h4 36. g4 Ke6 37. Ke3 f5 38. g5 Re4+ 39. Kf3 Ke7 40. Re3 Rxe3+ 41. Kxe3 Ke6 42. Kd4 Kd6 43. Kc4 1/2-1/2

[Event "Extremadura-chT"]
[Site "Spain"]
[Date "2008.01.19"]
[Round "1.3"]
[White "Garcia Vidal, Francisco Jose"]
[Black "Campos Nunez, Antonio"]
[Result "1-0"]
[WhiteElo "2044"]
[BlackElo "1747"]
[PlyCount "120"]
[EventDate "2008.01.19"]
[EventType "team-swiss"]
[EventRounds "9"]
[EventCountry "ESP"]
[SourceTitle "EXT 2011"]
[Source "ChessBase"]
[SourceDate "2010.11.26"]
[SourceVersion "1"]
[SourceVersionDate "2010.11.26"]
[SourceQuality "1"]
[WhiteTeam "Puerta Palmas"]
[BlackTeam "Cibeles"]
[WhiteTeamCountry "ESP"]
[BlackTeamCountry "ESP"]

1. e4 c5 2. Nf3 d6 3. d4 cxd4 4. Nxd4 g6 5. Nc3 a6 6. Bc4 Nf6 7. f3 Nc6 8. Nxc6 bxc6 9. e5 Nh5 10. exd6 Qxd6 11. Qxd6 exd6 12. 0-0 d5 13. Re1+ Be6 14. Bb3 Bc5+ 15. Kh1 0-0 16. Na4 Ba7 17. Bg5 Rae8 18. Rad1 f6 19. Be3 Bxe3 20. Rxe3 Bf7 21. Rde1 Rxe3 22. Rxe3 Re8 23. Rxe8+ Bxe8 24. Nc5 a5 25. Nb7 Nf4 26. Nxa5 Ne6 27. a4 Nc5 28. Kg1 Kf8 29. Kf2 Ke7 30. Ke3 Kd6 31. c3 Kc7 32. Bc2 Kb6 33. b4 Nd7 34. Nb3 Ne5 35. Kd4 Bf7 36. a5+ Kc7 37. Nc5 h5 38. f4 Nc4 39. Bd3 Nd6 40. h3 f5 41. Ke5 Ne4 42. Nxe4 dxe4 43. Be2 Kd7 44. c4 Kc7 45. h4 Be8 46. b5 cxb5 47. cxb5 Bf7 48. Kf6 Bb3 49. Kxg6 Bc2 50. Kxf5 Bd3 51. Bxh5 e3+ 52. Ke5 Bxb5 53. f5 Kd8 54. Kf4 e2 55. Bxe2 Bxe2 56. g4 Ke7 57. g5 Kf7 58. Ke5 Kg7 59. Ke6 Bc4+ 60. Ke7 Be2 1-0

[Event "Extremadura-ch"]
[Site "Badajoz"]
[Date "2007.06.09"]
[Round "5"]
[White "Garcia Vidal, Francisco Jose"]
[Black "Cano Cabanillas, Javier"]
[Result "1/2-1/2"]
[WhiteElo "2102"]
[BlackElo "1939"]
[PlyCount "81"]
[EventDate "2007.06.02"]
[EventType "swiss"]
[EventRounds "7"]
[EventCountry "ESP"]
[SourceTitle "EXT 2008"]
[Source "ChessBase"]
[SourceDate "2007.11.25"]
[SourceVersion "1"]
[SourceVersionDate "2007.11.25"]
[SourceQuality "1"]

1. e4 e6 2. d4 d5 3. e5 c5 4. c3 Qb6 5. Nf3 Nc6 6. a3 c4 7. Be2 Na5 8. Nbd2 Bd7 9. 0-0 Ne7 10. Rb1 Nf5 11. Ng5 h6 12. Nh3 0-0-0 13. Nf4 g5 14. Nh5 Nb3 15. Nxb3 Ba4 16. Qe1 Bxb3 17. Kh1 Ng7 18. f4 Bc2 19. Ra1 Bg6 20. Nxg7 Bxg7 21. fxg5 hxg5 22. Bxg5 Rdg8 23. Qd2 Rh7 24. h4 Rgh8 25. g3 Bh6 26. Bxh6 Rxh6 27. Kg2 Qd8 28. Rf6 Be4+ 29. Bf3 Rxf6 30. exf6 Bxf3+ 31. Kxf3 Qxf6+ 32. Qf4 Qg6 33. Re1 Rg8 34. g4 Kd7 35. h5 Qd3+ 36. Re3 Qf1+ 37. Kg3 Qg1+ 38. Kh4 Rxg4+ 39. Qxg4 Qxe3 40. Qg7 Qf2+ 41. Kh3 1/2-1/2

[Event "Extremadura-chT"]
[Site "Spain"]
[Date "2007.02.03"]
[Round "3.4"]
[White "Garcia Vidal, Francisco Jose"]
[Black "Garcia Romero, Benjamin Abel"]
[Result "0-1"]
[WhiteElo "2102"]
[BlackElo "2235"]
[PlyCount "86"]
[EventDate "2007.01.20"]
[EventType "team-swiss"]
[EventRounds "7"]
[EventCountry "ESP"]
[SourceTitle "EXT 2011"]
[Source "ChessBase"]
[SourceDate "2010.11.26"]
[SourceVersion "1"]
[SourceVersionDate "2010.11.26"]
[SourceQuality "1"]
[WhiteTeam "Circulo Pacense"]
[BlackTeam "Extremadura Magic"]
[WhiteTeamCountry "ESP"]
[BlackTeamCountry "ESP"]

1. e4 Nc6 2. Nf3 e5 3. Bb5 a6 4. Ba4 Nf6 5. d4 exd4 6. e5 Ne4 7. 0-0 Be7 8. Re1 Nc5 9. Bxc6 dxc6 10. Nxd4 Ne6 11. Nf5 Qxd1 12. Rxd1 Bf8 13. Nc3 b6 14. Be3 Nd8 15. Nd4 Be7 16. Rd2 0-0 17. Rad1 a5 18. Ne4 h6 19. Ng3 f5 20. Nge2 a4 21. f4 a3 22. b3 Kf7 23. Kf2 Ke8 24. c3 Ba6 25. Nc2 Ne6 26. Nb4 Bb7 27. Nd3 Kf7 28. Nd4 g6 29. Nxe6 Kxe6 30. Ne1 c5 31. Nc2 Be4 32. Re2 g5 33. g3 Rg8 34. Red2 h5 35. fxg5 Bxg5 36. Bf4 h4 37. Ne3 hxg3+ 38. hxg3 Be7 39. c4 c6 40. Kg1 Rad8 41. Nf1 Rd4 42. Be3 Rxd2 43. Bxd2 Bd3 0-1

[Event "Extremadura-chT"]
[Site "Spain"]
[Date "2007.01.20"]
[Round "1.4"]
[White "Garcia Vidal, Francisco Jose"]
[Black "Arroba Guerra, Jose Manuel"]
[Result "1-0"]
[WhiteElo "2102"]
[BlackElo "1755"]
[PlyCount "109"]
[EventDate "2007.01.20"]
[EventType "team-swiss"]
[EventRounds "7"]
[EventCountry "ESP"]
[SourceTitle "EXT 2011"]
[Source "ChessBase"]
[SourceDate "2010.11.26"]
[SourceVersion "1"]
[SourceVersionDate "2010.11.26"]
[SourceQuality "1"]
[WhiteTeam "Circulo Pacense"]
[BlackTeam "Casareno"]
[WhiteTeamCountry "ESP"]
[BlackTeamCountry "ESP"]

1. e4 c5 2. Nf3 d6 3. d4 Nf6 4. Nc3 cxd4 5. Nxd4 e6 6. Be3 a6 7. Be2 Be7 8. 0-0 0-0 9. Qd2 Nc6 10. Rad1 Qc7 11. f4 Nxd4 12. Bxd4 e5 13. Be3 Rd8 14. f5 b5 15. Bf3 Bb7 16. Qf2 Rac8 17. Bb6 Qc4 18. Bxd8 Rxd8 19. Qa7 Qc5+ 20. Qxc5 dxc5 21. Rxd8+ Bxd8 22. Nd5 Bxd5 23. exd5 Bb6 24. Re1 Nd7 25. d6 f6 26. Rd1 Kf8 27. Bd5 Ke8 28. c4 Ba7 29. cxb5 c4+ 30. Kf1 axb5 31. Bc6 b4 32. Rc1 Bc5 33. Rxc4 Bxd6 34. Ke2 Ke7 35. Bxd7 Kxd7 36. Rh4 h6 37. Rg4 Bf8 38. Kd3 Kd6 39. Kc4 Kd7 40. Kd5 Ke8 41. Ke6 h5 42. Rc4 Be7 43. Rc8+ Bd8 44. h4 e4 45. Rc4 e3 46. Re4 Bb6 47. Kd5+ Kf7 48. Kc4 g6 49. fxg6+ Kxg6 50. Kd3 Kf5 51. Rxb4 Ba7 52. Rb7 Kg4 53. Rxa7 Kg3 54. Kxe3 Kxg2 55. Ra5 1-0